| 000 -ლიდერი |
| ფიქსირებული სიგრძის საკონტროლო ველი |
01287nam a2200265Ia 4500 |
| 001 - საკონტროლო ნომერი |
| საკონტროლო ველი |
21585 |
| 003 - საკონტროლო ნომრის იდენტიფიკატორი |
| საკონტროლო ველი |
GE_BSU |
| 005 - ბოლო ოპერაციის თარიღი და დრო |
| საკონტროლო ველი |
20211203151335.0 |
| 008 - ფიქსირებული სიგრძის მონაცემთა ელემენტები - ზოგადი ინფორმაცია |
| ფიქსირებული სიგრძის საკონტროლო ველი |
181216s1961||||ge |||||||||||||| ||geo|| |
| 040 ## - კატალოგიზაციის წყარო |
| Transcribing agency |
GE_BSU |
| 041 ## - ენის კოდი |
| Language code of text/sound track or separate title |
geo |
| 080 ## - უნივერსალური ათობითი კლასიფიკაციის ინდექსი |
| Universal Decimal Classification number |
811.353.1'282 ნ-68 |
| 100 ## - მთავარი ჩანაწერი - პიროვნების სახელი |
| Personal name |
ნიჟარაძე, შ. |
| 9 (RLIN) |
9520 |
| 245 ## - ცნობა სათაურის შესახებ |
| Title |
ქართული ენის ზემოაჭარული დიალექტი : |
| Remainder of title |
გამოკვლევა და ტექსტები ლექსიკონითურთ / |
| Statement of responsibility, etc |
შ. ნიჟარაძე ; რედ. შ. ძიძიგური. |
| 264 ## - წარმოების, გამოცემის, დისტრიბუციის და სხვა ცნობები |
| გამოცემის, წარმოების, დისტრიბუციის... ადგილი |
ბათუმი : |
| გამოცემის, წარმოების, დისტრიბუციის... სახელწოდება |
სახელგამი, |
| გამოცემის, წარმოების, დისტრიბუციის... თარიღი |
1961. |
| 300 ## - ფიზიკური აღწერა |
| Extent |
290 გვ. ; |
| Dimensions |
23 სმ. |
| 653 ## - INDEX TERM--UNCONTROLLED |
| Uncontrolled term |
ქართული ენა |
| 653 ## - INDEX TERM--UNCONTROLLED |
| Uncontrolled term |
ქართული ენის დიალექტები |
| 653 ## - INDEX TERM--UNCONTROLLED |
| Uncontrolled term |
ზემოჭარული დიალექტი |
| 653 ## - INDEX TERM--UNCONTROLLED |
| Uncontrolled term |
ქართული ენის ზემოაჭარული დიალექტი |
| 653 ## - INDEX TERM--UNCONTROLLED |
| Uncontrolled term |
გამოკვლევა და ტექსტები ლექსიკონითურთ |
| 700 ## - ADDED ENTRY--PERSONAL NAME |
| Personal name |
ძიძიგური, შ. |
| Relator term |
რედაქტორი |
| 9 (RLIN) |
13171 |
| 942 ## - ADDED ENTRY ELEMENTS (KOHA) |
| Koha item type |
წიგნი |
| Source of classification or shelving scheme |
|